Cele i zasady polityki ekologicznej w Polsce i Unii Europejskiej

Uložené v:
Podrobná bibliografia
Hlavný autor: Pakulska, Jolanta
Ďalší autori: Rutkowska, Małgorzata
Médium: Kapitola
Jazyk:Polish
Tagy: Pridať tag
Žiadne tagy, Buďte prvý, kto otaguje tento záznam!

MARC

LEADER 00000naa$a2200000$$$4500
001 0151525
005 20220929065254.2
041 0 |a pol 
044 |a PL 
245 1 0 |a Cele i zasady polityki ekologicznej w Polsce i Unii Europejskiej  |c Jolanta Pakulska, Małgorzata Rutkowska 
100 1 |a Pakulska, Jolanta 
700 1 |a Rutkowska, Małgorzata